Γλώσσα, γραμματισμός και μάθηση στην εκπαιδευτική πρακτική
Αποθηκεύτηκε σε:
| Συγγραφή απο Οργανισμό/Αρχή: | |
|---|---|
| Άλλοι συγγραφείς: | , , , , |
| Μορφή: | Βιβλίο |
| Γλώσσα: | Greek English |
| Δημοσίευση: |
Πάτρα :
Ελληνικό Ανοικτό Πανεπιστήμιο,
2001.
Πάτρα : 2000. Πάτρα : 2001. |
| Θέματα: | |
| Ετικέτες: |
Προσθήκη ετικέτας
Δεν υπάρχουν, Καταχωρήστε ετικέτα πρώτοι!
|
MARC
| LEADER | 00000cam a2200000 i 4500 | ||
|---|---|---|---|
| 001 | 1/43191 | ||
| 008 | 070418s2001 gr | ||| |||| ||gre|| | ||
| 008 | 070423s2000 gr | ||| |||| ||gre|| | ||
| 008 | 070423s2001 gr | ||| |||| ||gre|| | ||
| 020 | |a 9605382997 |q (τ.4) | ||
| 020 | |a 9605382652 |q (τ.3) | ||
| 020 | |a 960538289Χ |q (τ.2) | ||
| 035 | |l 10087543 | ||
| 035 | |l 10087577 | ||
| 035 | |l 10087572 | ||
| 040 | |a GR-MY-UA |b gre |e aacr | ||
| 040 | |a GR-MY-UA |b gre |e aacr | ||
| 040 | |a GR-MyUA |b gre |e AACR2 | ||
| 041 | 1 | |a gre |h eng | |
| 041 | 1 | |a gre |h eng | |
| 041 | 1 | |a gre |h eng | |
| 082 | 7 | |a 371.33 |2 (22) | |
| 082 | 7 | |a 410 |2 (22) | |
| 082 | 7 | |a 410 |2 (22) | |
| 245 | 0 | 0 | |a Γλώσσα, γραμματισμός και μάθηση στην εκπαιδευτική πρακτική / |c επιμέλεια: Barry Stierer, Janet Maybin ; μετάφραση: Στέφανος Ροζάνης ; Ελληνικό Ανοικτό Πανεπιστήμιο. |
| 245 | 0 | 0 | |a Γλώσσα και γραμματισμός στην κοινωνική πρακτική / |c επιμέλεια: Janet Maybin ; μετάφραση: Ιορδάνης Φ. Βλαχόπουλος ; Ελληνικό Ανοικτό Πανεπιστήμιο. |
| 245 | 0 | 0 | |a Γλώσσα και γραμματισμός στο κοινωνικό πλαίσιο / |c επιμέλεια: David Graddol, Janet Maybin, Barry Stierer ; μετάφραση Στέφανος Ροζάνης ; Ελληνικό Ανοικτό Πανεπιστήμιο. |
| 260 | |a Πάτρα : |b Ελληνικό Ανοικτό Πανεπιστήμιο, |c 2001. | ||
| 260 | |a Πάτρα : |b Ελληνικό Ανοικτό Πανεπιστήμιο, |c 2000. | ||
| 260 | |a Πάτρα : |b Ελληνικό Ανοικτό Πανεπιστήμιο, |c 2001. | ||
| 300 | |a 352 σ. : |c 28 εκ. | ||
| 300 | |a 318 σ. : |b σχ. ; |c 28 εκ. | ||
| 300 | |a 270 σ. : |b πιν. ; |c 28 εκ. | ||
| 500 | |a Σχολή Ανθρωπιστικών Σπουδών, Πρόγραμμα Σπουδών: Σπουδές στην Εκπαίδευση, Θεματική Ενότητα: Γλωσσική Ανάπτυξη. | ||
| 500 | |a Μετάφραση του: Language, literacy and learning in education practice. | ||
| 500 | |a Σχολή Ανθρωπιστικών Σπουδών, Πρόγραμμα Σπουδών: Σπουδές στην Εκπαίδευση, Θεματική Ενότητα: Γλωσσική Ανάπτυξη. | ||
| 500 | |a Μετάφραση του:Language and literacy in social practice. | ||
| 500 | |a Σχολή Ανθρωπιστικών Σπουδών, Πρόγραμμα Σπουδών: Σπουδές στην Εκπαίδευση, Θεματική Ενότητα: Γλωσσική Αναπτυξη. | ||
| 504 | |a Περιέχει βιβλιογραφία | ||
| 504 | |a Περιέχει βιβλιογραφία. | ||
| 504 | |a Περιέχει βιβλιογραφία. | ||
| 650 | 0 | 0 | |a Language acquisition. |
| 650 | 0 | 0 | |a Literacy. |
| 650 | 0 | 0 | |a Reading. |
| 650 | 0 | 0 | |a Literacy |x Social aspects. |
| 650 | 0 | 0 | |a Sociolinguistics. |
| 650 | 0 | 0 | |a Functional literacy. |
| 650 | 0 | 0 | |a Language and education. |
| 700 | 1 | |a Stierer, Barry, |e edt | |
| 700 | 1 | |a Maybin, Janet, |d 1950- |e edtf | |
| 700 | 1 | |a Ροζάνης, Στέφανος, |d 1942- |e trl | |
| 700 | 1 | |a Βλαχόπουλος, Ι. Φ. |e trl | |
| 700 | 1 | |a Graddol, David, |e edt | |
| 710 | 2 | |a Ελληνικό Ανοικτό Πανεπιστήμιο. | |
| 765 | 0 | 8 | |i Μετάφραση του: |t Researching language and literacy in social context : |
| 774 | 1 | |t Γλωσσική ανάπτυξη | |
| 774 | 1 | |t Γλωσσική ανάπτυξη | |
| 774 | 1 | |t Γλωσσική ανάπτυξη | |
| 901 | |a BIBL1-2007-1 | ||
| 901 | |a BIBL1-2007-1 | ||
| 901 | |a BIBL1-2007-1 | ||
| 909 | |a Λ |b 131980 | ||
| 909 | |a Λ |b 130588 | ||
| 909 | |a Λ |b 130610 | ||
| 970 | |a ΧΑΤΖΗΜΙΧΑΗΛ |b ΜΑΡΙΑ |z 2007/04/18 | ||
| 970 | |a ΧΑΤΖΗΜΙΧΑΗΛ |b ΜΑΡΙΑ |z 2007/04/23 | ||
| 970 | |a ΧΑΤΖΗΜΙΧΑΗΛ |b ΜΑΡΙΑ |z 2007/04/23 | ||